Billboard Hot R&B/Hip-Hop Year-End Singles of 2019 - Statistics

General Stats
  • This quiz has been taken 11 times
  • The average score is 36 of 100
Answer Stats
Position on Year End Peak Weeks On Artist(s) Answer % Correct
1 #1 (20 Weeks) 36 Weeks Lil Nas X ft. Billy Ray Cyrus Old Town Road
100%
2 #1 (11 Weeks) 47 Weeks Post Malone & Swae Lee Sunflower
82%
5 #1 (11 Weeks) 27 Weeks Lizzo Truth Hurts
73%
52 #5 12 Weeks Young Thug ft. Gunna Hot
64%
100 #17 11 Weeks Lil Skies i
64%
44 #2 8 Weeks Juice WRLD Lucid Dreams
64%
26 #2 15 Weeks Sheck Wes Mo Bamba
64%
3 #2 36 Weeks Khalid Talk
64%
28 #11 25 Weeks City Girls Act Up
55%
47 #2 11 Weeks Lizzo Good as Hell
55%
83 #19 11 Weeks Chris Brown ft. Gunna Heat
55%
42 #7 14 Weeks Megan Thee Stallion, Nicki Minaj & Ty Dolla $ign Hot Girl Summer
55%
31 #10 17 Weeks Flipp Dinero Leave Me Alone
55%
7 #2 22 Weeks Chris Brown ft. Drake No Guidance
55%
10 #2 23 Weeks Lil Tecca Ran$om
55%
6 #1 (7 Weeks) 21 Weeks Travi$ Scott SICKO MODE
55%
39 #8 12 Weeks Ella Mai Trip
55%
91 #26 13 Weeks Jacquees You
55%
66 #25 20 Weeks Meek Mill ft. Ella Mai 24/7
45%
19 #5 26 Weeks 21 Savage a lot
45%
38 #11 16 Weeks Lil Baby & DaBaby Baby
45%
59 #18 16 Weeks Pardison Fontaine ft. Cardi B Backin' It Up
45%
58 #12 16 Weeks Mustard ft. Roddy Ricch Ballin'
45%
41 #16 20 Weeks Megan Thee Stallion ft. DaBaby Cash Shit
45%
16 #3 18 Weeks Lil Baby & Gunna Drip Too Hard
45%
48 #16 20 Weeks Summer Walker x Drake Girls Need Love
45%
9 #2 26 Weeks Meek Mill ft. Drake Going Bad
45%
18 #6 23 Weeks Cardi B Money
45%
30 #7 21 Weeks YNW Melly Murder On My Mind
45%
50 #11 13 Weeks Wale ft. Jeremih On Chill
45%
20 #2 20 Weeks Lil Nas X Panini
45%
17 #1 (1 Week) 20 Weeks Cardi B & Bruno Mars Please Me
45%
22 #7 26 Weeks Polo G ft. Lil Tjay Pop Out
45%
24 #10 26 Weeks Mustard & Migos Pure Water
45%
29 #6 20 Weeks Young Thug, J Cole & Travi$ Scott The London
45%
21 #4 23 Weeks Blueface Thotiana
45%
57 #14 17 Weeks City Girls ft. Cardi B Twerk
45%
23 #5 18 Weeks Gucci Mane x Bruno Mars x Kodak Black Wake Up in the Sky
45%
33 #18 26 Weeks YK Osiris Worth It
45%
14 #3 21 Weeks Kodak Black ft. Travi$ Scott & Offset ZEZE
45%
74 #28 18 Weeks DaBaby ft. Offset Baby Sitter
36%
12 #5 27 Weeks Khalid Better
36%
36 #17 24 Weeks Offset ft. Cardi B Clout
36%
27 #14 26 Weeks Calboy Envy Me
36%
13 #2 18 Weeks Post Malone ft. Young Thug Goodbyes
36%
65 #1 (1 Week) 5 Weeks Travi$ Scott HIGHEST IN THE ROOM
36%
8 #2 26 Weeks J Cole MIDDLE CHILD
36%
94 #31 14 Weeks Kehlani ft. Ty Dolla $ign Nights Like This
36%
88 #17 9 Weeks Cardi B ft. Kehlani Ring
36%
40 #14 22 Weeks NLE Choppa Shotta Flow
36%
11 #3 27 Weeks DaBaby Suge
36%
63 #8 20 Weeks DJ Khaled ft. Cardi B & 21 Savage Wish Wish
36%
4 #1 (1 Week) 33 Weeks Post Malone Wow.
36%
81 #17 11 Weeks YNW Melly & 9LOKKNINE 223's
27%
76 #7 11 Weeks XXXTENTACION BAD!
27%
82 #6 5 Weeks Juice WRLD & YoungBoy Never Broke Again Bandit
27%
34 #5 11 Weeks Post Malone Better Now
27%
67 #25 20 Weeks Megan Thee Stallion Big Ole Freak
27%
35 #16 28 Weeks Lil Baby Close Friends
27%
84 #9 9 Weeks Post Malone ft. DaBaby Enemies
27%
79 #32 18 Weeks Ski Mask The Slump God Faucet Failure
27%
45 #16 20 Weeks YG, Tyga & Jon Z Go Loko
27%
96 #22 10 Weeks blackbear hot girl bummer
27%
80 #25 15 Weeks Ali Gatie It's You
27%
90 #27 17 Weeks Lizzo Juice
27%
68 #18 14 Weeks DJ Khaled ft. SZA Just Us
27%
25 #12 26 Weeks A Boogie wit da Hoodie Look Back at It
27%
99 #13 7 Weeks Gesaffelstein & The Weeknd Lost in the Fire
27%
49 #19 20 Weeks YNW Melly ft. Kanye West Mixed Personalities
27%
32 #10 21 Weeks Saweetie My Type
27%
87 #26 13 Weeks French Montana ft. Drake No Stylist
27%
75 #9 11 Weeks Summer Walker Playing Games
27%
55 #6 17 Weeks Cardi B Press
27%
53 #21 20 Weeks Yo Gotti ft. Lil Baby Put a Date on It
27%
43 #13 19 Weeks Juice WRLD Robbery
27%
92 #12 11 Weeks Lil Nas X & Cardi B Rodeo
27%
51 #12 20 Weeks Lil Uzi Vert Sanguine Paradise
27%
73 #27 17 Weeks Ella Mai Shot Clock
27%
95 #31 14 Weeks NAV ft. Meek Mill Tap
27%
72 #21 15 Weeks XXXTENTACION & Lil Pump ft. Maluma & Swae Lee Arms Around You
18%
97 #15 9 Weeks Young Thug ft. Lil Baby Bad Bad Bad
18%
86 #14 9 Weeks Meek Mill ft. Jeremih & PnB Rock Dangerous
18%
46 #5 17 Weeks Tyler, The Creator EARFQUAKE
18%
89 #23 13 Weeks Lil Tjay F.N.
18%
85 #2 9 Weeks Logic ft. Eminem Homicide
18%
62 #22 20 Weeks Y2K & bbno$ Lalala
18%
15 #3 21 Weeks Drake ft. Rick Ross Money in the Grave
18%
71 #11 14 Weeks Nipsey Hussle ft. Roddy Ricch & Hit-Boy Racks in the Middle
18%
37 #16 20 Weeks A Boogie wit da Hoodie ft. 6ix9ine Swervin'
18%
78 #18 15 Weeks Tory Lanez & Rich The Kid TAlk tO Me
18%
77 #15 13 Weeks Chris Brown Undecided
18%
54 #19 20 Weeks Juice WRLD Armed and Dangerous
9%
69 #24 17 Weeks Beyonce Before I Let Go
9%
56 #14 20 Weeks Kodak Black Calling My Spirit
9%
93 #17 8 Weeks NLE Choppa Camelot
9%
98 #8 6 Weeks DaBaby INTRO
9%
61 #20 20 Weeks Lil Baby Pure Cocaine
9%
70 #21 19 Weeks Khalid & Kane Brown Saturday Nights
9%
64 #20 16 Weeks NF Time
9%
60 #15 14 Weeks Lil Wayne Uproar
9%
No matching quizzes found
Score Distribution
Percent of People with Each Score
Percentile by Number Answered
Your Score History
You have not taken this quiz